Làng ven biển Bắc bộ

Đã lưu trong:
Sonraí Bibleagrafaíochta
Formáid: Leabhar
Teanga:Undetermined
Ábhair:
Clibeanna: Cuir Clib Leis
Gan Chlibeanna, Bí ar an gcéad duine leis an taifead seo a chlibeáil!
Thư viện lưu trữ: Trung tâm Học liệu Trường Đại học Cần Thơ
LEADER 00396nam a2200145Ia 4500
001 CTU_102300
008 210402s9999 xx 000 0 und d
082 |a 915.97 
082 |b L106 
245 0 |a Làng ven biển Bắc bộ 
650 |a Vietnam 
650 |x Description and travel,Geography 
904 |i M.Loan 
915 |a 900 
980 |a Trung tâm Học liệu Trường Đại học Cần Thơ